|
|
|
|
| LEADER |
00000nab a2200000 a 4500 |
| 001 |
vtls010438696 |
| 003 |
SK-MaSNL |
| 005 |
20260303094013.0 |
| 008 |
120726c2012 xo wrzp 0 0slo |
| 015 |
|
|
|a SNBRB2012/07
|2 rvgkpd
|
| 038 |
|
|
|a RVGKPD
|
| 040 |
|
|
|a RVGKPD
|b slo
|c RVGKPD
|e AACR2
|
| 041 |
0 |
|
|a slo
|
| 044 |
|
|
|a xo
|c SK
|
| 080 |
|
|
|a 796.032.2
|2 1997
|
| 100 |
1 |
|
|a Čavojská, Jana
|4 aut
|9 339651
|
| 245 |
1 |
0 |
|a Naša pochodeň
|b olympijský oheň prebehol pred olympiádou Slovenskom
|c Jana Čavojská
|
| 246 |
3 |
|
|a "Sme jeden tím," pripomenul nám
|
| 300 |
|
|
|b Fotogr.
|
| 611 |
2 |
7 |
|a Olympijské hry
|n (30. :
|d 2012 :
|c Londýn, Anglicko)
|2 rvgkpd
|9 834898
|
| 611 |
2 |
7 |
|a Olympijská pochodeň
|d (2012 :
|c Slovensko)
|2 rvgkpd
|9 1105800
|
| 650 |
0 |
7 |
|a štafety
|2 rvgkpd
|9 883795
|
| 773 |
0 |
|
|t Plus 7 dní
|g Roč. XXII, č. 27 (2012), s. 124-125
|x 1210-4040
|
| 852 |
|
|
|a RVGKPD
|b KIS3G
|
| 856 |
4 |
1 |
|u http://www.pluska.sk/plus-7-dni/relax/olympijsky-ohen-prebehol-slovenskom.html
|
| 992 |
|
|
|a RBX
|
| 999 |
|
|
|c 1818331
|d 1820261
|